Hojas de hierba / (Record no. 134511)

MARC details
000 -LEADER
campo de control de longitud fija 00744nam a2200205 i 4500
001 - NÚMERO DE CONTROL
campo de control 134511
003 - IDENTIFICADOR DE NÚMERO DE CONTROL
campo de control ES-MaACL
005 - FECHA Y HORA DE LA ÚLTIMA TRANSACCIÓN
campo de control 20251120144416.0
007 - CAMPO FIJO DE DESCRIPCIÓN FÍSICA--INFORMACIÓN GENERAL
campo de control de longitud fija t|
008 - DATOS DE LONGITUD FIJA--INFORMACIÓN GENERAL
campo de control de longitud fija 070911s1972 sp ||||1| spa d
100 0# - ENTRADA PRINCIPAL--NOMBRE DE PERSONA
Nombre de persona Whitman, Walt,
Fechas asociadas al nombre 1819-1892
9 (RLIN) 116708
245 10 - MENCIÓN DEL TÍTULO
Título Hojas de hierba /
Mención de responsabilidad, etc. Walt Whitman ; selección, traducción y prólogo de Jorge Luis Borges ; estudio crítico de Guillermo Nolasco Juarez ; grabados de Antonio Berni.
260 ## - PUBLICACIÓN, DISTRIBUCIÓN, ETC.
Lugar de publicación, distribución, etc. Barcelona :
Nombre del editor, distribuidor, etc. Lumen,
Fecha de publicación, distribución, etc. 1972.
300 ## - DESCRIPCIÓN FÍSICA
Extensión 162 p. :
Otras características físicas il. ;
Dimensiones 18 cm.
700 1# - ENTRADA AGREGADA--NOMBRE PERSONAL
Nombre de persona Borges, Jorge Luis,
Fechas asociadas al nombre 1899-1986
9 (RLIN) 242526
700 1# - ENTRADA AGREGADA--NOMBRE PERSONAL
Nombre de persona Nolasco Juárez, Guillermo.
9 (RLIN) 85908
700 1# - ENTRADA AGREGADA--NOMBRE PERSONAL
Nombre de persona Berni, Antonio.
9 (RLIN) 28335
852 ## - LOCALIZACIÓN
Ubicación ES-MaACL
Número de control de estantería C-53199
Sublocalización o colección R.84143
Holdings
Estatus retirado Estado de pérdida Estado de daño No para préstamo Biblioteca de origen Biblioteca actual Ubicación en estantería Fecha de adquisición Fuente de adquisición Total de préstamos Signatura topográfica completa Código de barras Visto por última vez Precio de reemplazo Tipo de ítem Koha
        Biblioteca del Ateneo de Madrid Biblioteca del Ateneo de Madrid Depósito 2 17/01/2008     C-53199 1140008 23/02/2023 23/02/2023 Libro impreso